| 000 | 00495nam a2200181 a 4500 | ||
|---|---|---|---|
| 001 | 3407 | ||
| 003 | CDMR | ||
| 005 | 20130524095142.0 | ||
| 008 | 130130s1976||||||||||||||||||||||||||||d | ||
| 020 | _a8427110294 | ||
| 040 |
_aCDMR _bcat _cCPC GIRONA |
||
| 100 | 1 |
_aRichaudeau, Francois _92453 |
|
| 245 | 1 | 4 |
_aLos secretos de la comunicación eficaz _cFrançois Richaudeau |
| 260 |
_c1976 _bMensajero |
||
| 650 | 0 | 4 |
_93130 _aComunicació oral |
| 650 | 0 | 4 |
_93504 _aComunicació escrita |
| 942 |
_cMON _2udc |
||
| 999 |
_c3407 _d3407 |
||